00542nam a2200193 i 450000100060000000300090000600500170001500700030003200800410003508000210007610000350009724500370013226000300016930000210019949000220022058600260024283000190026885200610028794076ES-MaACL20250315062551.0t|050131s1960 sp ||||1| spa d a821.134.2-14"19"1 aBrines, Francisco, d1932-202114aLas brasas / cFrancisco brines. aMadrid : bRialp, c1960. a55 p. ; c15 cm.1 aAdonáis ; v173 aPremio Adonáis 195910aAdonáisv1734 aES-MaACLjJ-23-173 z- Dedicatoria autógrafa del autor